Diagnosis estratègiques territorials : document d'estratègies pel territori del Bages document d'estratègies pel territori del Bages
Descripción Física:
115 p. : quadres, gràfics ; 30 cm
Otros Autores:
Pacte Territorial del Bages
MARC
| LEADER | 00000nam a2200000Ia 4500 | ||
|---|---|---|---|
| 001 | 24075 | ||
| 008 | 160829s2004 xx 000 0 cat d | ||
| 080 | |a Bib-148 | ||
| 245 | |a Diagnosis estratègiques territorials : |b document d'estratègies pel territori del Bages | ||
| 260 | |a Barcelona : |b Diputació de Barcelona. Àrea de Promoció Econòmica i Ocupació, |c 2004 | ||
| 300 | |a 115 p. : |b quadres, gràfics ; |c 30 cm | ||
| 590 | |a Títol a l'interior : Diagnosi i línies estratègiques del Pacte territorial del Bages, febrer - setembre 2004 | ||
| 650 | 0 | |a Política d'ocupació |9 7017 | |
| 650 | |a Administració local |x Bages |9 49626 | ||
| 700 | |a Pacte Territorial del Bages |9 49383 | ||
| 710 | 1 | |a Barcelona (Catalunya : Província). |b Àrea de Promoció Econòmica i Ocupació |9 17540 | |
| 901 | |a Arxiu | ||
| 942 | |n 1 | ||
| 952 | |0 0 |1 0 |4 0 |6 BIB148 |7 1 |9 55493 |a Arxiu |b Arxiu |d 2016-12-01 |l 0 |o Bib-148 |p 24075 |r 2016-12-01 00:00:00 |w 2016-12-01 |y ARXIU | ||
| 999 | |c 59366 |d 59366 | ||